00300nam a2200121Ia 45000030006000000080041000060400015000471000018000622450035000802600034001155460012001490050017001610STCL150530s9999 xx 000 0 und d aSTCLcSTCL aDavin; Editor aEnglish short stories of today bOxford University pressc1975 aEnglish20220125171046.0